000 00577 a2200169 4500
999 _c3065
_d3065
020 _a0852927517
050 _aHF5549.5 GIL 1995
100 _a Gillen, Terry
_eauthor
245 _aThe appraisal discussion /
_cTerry Gillen
264 _aLondon :
_b Institute of Personnel and Development,
_c1995
300 _a71 pages ; 20 cm.
440 _aManagement shapers.
500 _alncludes index Originally published in the Training extras series, 1995.
650 _aEmployees
_x Rating of Interviewing.
650 _a Performance standards.
942 _2lcc
_cBK
_h5549.5
_iGIL
_kHF